| 000 | 00948nam a2200289 a 4500 | ||
|---|---|---|---|
| 001 | 70959 | ||
| 003 | BD-RjUL | ||
| 005 | 20211209082049.0 | ||
| 008 | 170423s1978 ne a b 001 0 eng | ||
| 020 | _a0444998764 | ||
| 035 | _a(BD-RjUL)71173 | ||
| 040 |
_aDLC _cDLC _dBD-RjUL _beng |
||
| 041 | 1 | _aengcze | |
| 082 | 0 | 0 |
_a330.9 _223 _bKUP 1978 |
| 100 | 1 |
_aKužvart, Miloš. _9209979 |
|
| 245 | 1 | 0 |
_aProspecting and exploration of mineral deposits / _cMiloš Kužvart and Miloslav Böhmer. |
| 260 |
_aAmsterdam ; _aNew York : _bElsevier, _c1978. |
||
| 300 |
_a431 p. : _bill. ; _c25 cm. |
||
| 490 | 0 | _aDevelopments in economic geology ; 8 | |
| 500 | _aTranslation of Vyhledávání a průzkum ložisek nerostných surovin. | ||
| 500 | _aErrata slip inserted. | ||
| 500 | _aIncludes index. | ||
| 504 | _aBibliography: p. 407-416. | ||
| 650 | 0 |
_aProspecting. _9209980 |
|
| 700 | 1 |
_aBöhmer, Miloslav, _ejoint author. _9209981 |
|
| 942 |
_2ddc _cBK |
||
| 999 |
_c70959 _d70959 |
||